[Event "Novosibirsk Sukharev Memorial Seniors"]
[Site "Novosibirsk"]
[Date "2010.07.20"]
[Round "3"]
[White "Volkov, Petr"]
[Black "Nebylitsin, Nikolai"]
[Result "0-1"]
[WhiteElo "2056"]
[BlackElo "2182"]
[PlyCount "138"]
[EventDate "2010.07.18"]
[EventType "swiss"]
[EventRounds "9"]
[EventCountry "RUS"]
[SourceTitle "EXT 2011"]
[Source "ChessBase"]
[SourceDate "2010.11.26"]
[SourceVersion "1"]
[SourceVersionDate "2010.11.26"]
[SourceQuality "1"]

1. e4 c5 2. Nc3 Nc6 3. g3 g6 4. Bg2 Bg7 5. f4 e6 6. Nf3 Nge7 7. 0-0 0-0 8. d3 d6 9. Be3 Nd4 10. Qd2 f5 11. Nd1 Nec6 12. c3 Nxf3+ 13. Bxf3 Qc7 14. Bf2 Bd7 15. Ne3 Rad8 16. Nc2 b6 17. Kg2 Ne7 18. Rfe1 Bc6 19. Qe2 Rde8 20. d4 fxe4 21. Bxe4 Nd5 22. Kg1 Nf6 23. Bxc6 Qxc6 24. Rad1 c4 25. Nb4 Qc8 26. Qf3 d5 27. Qe2 b5 28. Nc2 a5 29. Ne3 Ne4 30. Ng4 b4 31. Qc2 Qc6 32. Be3 Rb8 33. Nf2 Nd6 34. Ra1 Rfe8 35. a3 bxc3 36. bxc3 Rb3 37. Bd2 a4 38. Re2 Nb5 39. Qc1 Qd6 40. Be1 Rxa3 41. Rxa3 Qxa3 42. Qxa3 Nxa3 43. Ra2 Bf8 44. Ng4 Ra8 45. Nf6+ Kg7 46. Nd7 Bd6 47. Kf2 Ra7 48. Nb6 Ra6 49. Rb2 Nc2 50. Nc8 Nxe1 51. Kxe1 a3 52. Ra2 Bf8 53. Kd1 Kf7 54. g4 Ke8 55. f5 exf5 56. gxf5 gxf5 57. Kc2 Kd7 58. Kb1 Kxc8 59. Rf2 Rf6 60. Rf4 Bd6 61. Rh4 Rf7 62. Rh3 Kd7 63. Ka2 f4 64. Rf3 Ke6 65. h4 Kf5 66. h5 Ke4 67. Rf1 f3 68. h6 f2 69. Rh1 Ke3 0-1

[Event "Novosibirsk"]
[Site "Novosibirsk"]
[Date "2007.02.10"]
[Round "4"]
[White "Egitov, Alexey"]
[Black "Nebylitsin, Nikolai"]
[Result "1-0"]
[WhiteElo "2002"]
[BlackElo "2195"]
[PlyCount "88"]
[EventDate "2007.02.04"]
[EventType "tourn"]
[EventRounds "11"]
[EventCountry "RUS"]
[SourceTitle "EXT 2010"]
[Source "ChessBase"]
[SourceDate "2010.11.25"]
[SourceVersion "1"]
[SourceVersionDate "2010.11.25"]
[SourceQuality "1"]

1. e4 e6 2. d4 Nf6 3. Nc3 d5 4. Bg5 Be7 5. e5 Nfd7 6. Bxe7 Qxe7 7. f4 a6 8. Nf3 c5 9. dxc5 Qxc5 10. Qd2 Nc6 11. 0-0-0 b5 12. Ne2 Nb6 13. Ned4 Bd7 14. g4 Nc4 15. Bxc4 Nxd4 16. Nxd4 dxc4 17. Nf5 Bc6 18. Nd6+ Ke7 19. f5 Bxh1 20. Qg5+ Kf8 21. f6 Rg8 22. Qh5 Qc7 23. Rxh1 gxf6 24. Qh6+ Ke7 25. Qxf6+ Kf8 26. Rf1 Rg7 27. Qxe6 Kg8 28. Qf6 Rg6 29. Qf4 Qe7 30. h4 Rd8 31. Nf5 Qf8 32. h5 Re6 33. Qg5+ Kh8 34. Ng7 Rxe5 35. Qxe5 Qxg7 36. Qe7 Rf8 37. g5 Kg8 38. Qf6 Re8 39. Kd2 Re5 40. Qd8+ Qf8 41. Qxf8+ Kxf8 42. g6 hxg6 43. hxg6 f5 44. b3 cxb3 1-0

[Event "Novosibirsk"]
[Site "Novosibirsk"]
[Date "2007.02.06"]
[Round "2"]
[White "Lifshits, Dan"]
[Black "Nebylitsin, Nikolai"]
[Result "0-1"]
[WhiteElo "2067"]
[BlackElo "2195"]
[PlyCount "116"]
[EventDate "2007.02.04"]
[EventType "tourn"]
[EventRounds "11"]
[EventCountry "RUS"]
[SourceTitle "EXT 2010"]
[Source "ChessBase"]
[SourceDate "2010.11.25"]
[SourceVersion "1"]
[SourceVersionDate "2010.11.25"]
[SourceQuality "1"]

1. e4 e6 2. d4 d5 3. Nc3 Nf6 4. Bg5 Be7 5. e5 Nfd7 6. Bxe7 Qxe7 7. f4 a6 8. Nf3 c5 9. Qd2 Nc6 10. 0-0-0 b5 11. dxc5 Nxc5 12. Nd4 Nxd4 13. Qxd4 b4 14. Ne2 a5 15. Ng3 0-0 16. Bd3 Ba6 17. Bxa6 Rxa6 18. f5 exf5 19. Qxd5 g6 20. h4 h5 21. Ne2 Re8 22. Rhe1 Qxe5 23. Qxe5 Rxe5 24. Nf4 Rxe1 25. Rxe1 Ne4 26. Rd1 Kg7 27. Rd7 Nc5 28. Rd5 Ne6 29. Nd3 Kf6 30. c4 bxc3 31. bxc3 a4 32. Kc2 Rc6 33. Ne5 Rc7 34. Nd7+ Ke7 35. Nb6 Rc5 36. Rd7+ Ke8 37. Ra7 Nf4 38. Nxa4 Rc6 39. g3 Ne2 40. Kd3 Nxg3 41. Ke3 Ne4 42. Kd4 Rd6+ 43. Ke3 Re6 44. Kf4 Rc6 45. c4 Rxc4 46. Nb6 Rc6 47. Nd5 Kf8 48. a4 Nc3 49. Ne3 Ne2+ 50. Kf3 Nd4+ 51. Kf4 Ne6+ 52. Kf3 Rc3 53. Kf2 f4 54. Nd5 Ra3 55. a5 f3 56. a6 Nc5 57. Ne3 Rxa6 58. Rc7 Ne6 0-1

[Event "Novosibirsk op"]
[Site "Novosibirsk"]
[Date "2001.07.26"]
[Round "8"]
[White "Nebylitsin, Nikolai"]
[Black "Pavlov, Oleg Yuryevich"]
[Result "1/2-1/2"]
[WhiteElo "2228"]
[BlackElo "2052"]
[PlyCount "40"]
[EventDate "2001.07.18"]
[EventType "swiss"]
[EventRounds "11"]
[EventCountry "RUS"]
[SourceTitle "CBM 083 Extra"]
[Source "ChessBase"]
[SourceDate "2001.09.11"]
[SourceVersion "1"]
[SourceVersionDate "2001.09.11"]
[SourceQuality "1"]

1. e4 c5 2. c3 d5 3. exd5 Qxd5 4. d4 Nc6 5. Nf3 cxd4 6. cxd4 e5 7. dxe5 Qxd1+ 8. Kxd1 Bg4 9. Bf4 0-0-0+ 10. Nbd2 Bb4 11. Rc1 Nge7 12. h3 Bxf3+ 13. gxf3 Ng6 14. Bg5 Ngxe5 15. Be2 f6 16. Be3 Kb8 17. f4 Nd3 18. Bxd3 Rxd3 19. Ke2 Rd5 20. Nf3 Rhd8 1/2-1/2